000 00353nam a2200133 i 4500
001 bg
100 1 _aPOSTNIKOV, V. I.
245 0 _aMetodika opredelenija effektivnosti primenenija radioaktivnych izotopov /
_cV.I. Postnikov.
260 _aMoskva,
_c1964.
040 _cBPK
041 _apol
942 _cKS
008 s pl f |000 0 pol
999 _c12716
_d12716
856 _uhttp://koha.tu.koszalin.pl/cgi-bin/koha/opac-detail.pl?biblionumber=12716
_yKatalog online BPK